Normal view
MARC view
Entry Personal Name
001 - CONTROL NUMBER
- control field: 1237754
003 - CONTROL NUMBER IDENTIFIER
- control field: OSt
005 - DATE AND TIME OF LATEST TRANSACTION
- control field: 20260430150526.0
008 - FIXED-LENGTH DATA ELEMENTS
- fixed length control field: 260430|| aca||aabn | a|a d
040 ## - CATALOGING SOURCE
- Original cataloging agency: OSt
- Transcribing agency: OSt
100 ## - HEADING--PERSONAL NAME
- Personal name: Singh Priyanka Au.; Alam Shams Gu
670 ## - SOURCE DATA FOUND
- Source citation: Work cat.: (OSt)1849993: Singh Priyanka Au.; Alam Shams Gu., Ekkisween sadi ke Urdu afsanon mein samajiyati anasir, 2023
